[Event "45th Olympiad 2024"]
[Site "Budapest HUN"]
[Date "2024.09.16"]
[Round "6.7"]
[Board "1"]
[White "Vocaturo, Daniele"]
[Black "Vitiugov, Nikita"]
[Result "1/2-1/2"]
[WhiteElo "2600"]
[BlackElo "2676"]
[PlyCount "62"]
[EventDate "2024.09.11"]
[WhiteTeam "Italy"]
[BlackTeam "England"]
[WhiteTeamCountry "ITA"]
[BlackTeamCountry "ENG"]

1. e4 e5 2. Nf3 Nc6 3. Nc3 Nf6 4. Bb5 Nd4 5. Bc4 Bc5 6. Nxe5 Qe7 7. Nf3 d5 8. Bxd5 Bg4 9. h3 Bxf3 10. gxf3 c6 11. Bb3 Nh5 12. f4 Nxf4 13. d3 Qf6 14. Qg4 Bd6 15. Be3 Be5 $146 ({RR} 15... h5 16. Bxd4 hxg4 17. Bxf6 gxf6 18. h4 Ke7 19. Ne2 Ng2+ 20. Kd2 Nxh4 21. Nd4 Be5 22. Rxh4 Bxd4 23. Rxg4 Rh2 24. Rf1 Bxf2 25. Rg7 Rf8 26. Kc1 b5 27. a4 a5 28. Kb1 Bd4 29. axb5 cxb5 30. c3 {1-0 Aditya,M (2608)-Narayanan,S (2695) Dubai Police Open A 2024 (8.5)}) 16. Bxd4 Bxd4 17. O-O-O O-O 18. Kb1 a5 19. e5 Qxe5 20. Rhe1 Qc7 21. Re4 Bxc3 22. Qxf4 Qxf4 23. Rxf4 Be5 24. Re4 Bd6 25. Rde1 g6 26. c3 Kg7 27. d4 Rad8 28. Kc2 Rd7 29. R4e3 Rfd8 30. Bc4 Kf8 31. a3 Re7 1/2-1/2

[Event "45th Olympiad 2024"]
[Site "Budapest HUN"]
[Date "2024.09.16"]
[Round "6.7"]
[Board "2"]
[White "Adams, Michael"]
[Black "Lodici, Lorenzo"]
[Result "1/2-1/2"]
[WhiteElo "2661"]
[BlackElo "2556"]
[PlyCount "87"]
[EventDate "2024.09.11"]
[WhiteTeam "England"]
[BlackTeam "Italy"]
[WhiteTeamCountry "ENG"]
[BlackTeamCountry "ITA"]

1. e4 e5 2. Nf3 Nc6 3. Bb5 a6 4. Ba4 Nf6 5. O-O Be7 6. d3 b5 7. Bb3 d6 8. a4 Bd7 9. Nc3 Na5 10. Ba2 b4 11. Nd5 Nxd5 12. Bxd5 c6 13. Ba2 c5 ({RR} 13... Rb8 14. c3 b3 15. Bb1 c5 16. d4 Qc7 17. Bd3 c4 18. Be2 Bc6 19. d5 Bd7 20. Be3 O-O 21. Nd2 f5 22. f4 Bf6 23. Qe1 exf4 24. Bxf4 Rbe8 25. Qg3 Be5 26. Kh1 fxe4 27. Bxe5 Rxf1+ 28. Rxf1 {0-1 Shamatava,N (2127)-Diaz Perez,M (2486) 24th Sant Marti Open 2024 (8.3)}) 14. c3 Rb8 15. Bd5 $146 ({RR} 15. cxb4 cxb4 16. Bd2 O-O 17. h3 Kh8 18. Bd5 f5 19. d4 fxe4 20. Bxe4 Nc6 21. dxe5 Nxe5 22. Nxe5 dxe5 23. Qh5 h6 24. Bxh6 Be8 25. Bxg7+ Kxg7 26. Qh7+ Kf6 27. Qh6+ Kf7 28. Bg6+ Ke6 29. Bxe8+ Rf6 {1-0 Clawitter,C (2050)-Varney,Z (1981) Titled Tuesday intern op 25th Jan blitz 2022 (10)}) 15... Be6 16. Bxe6 fxe6 17. Bd2 Nc6 18. Be3 Na5 19. d4 exd4 20. cxd4 c4 21. d5 e5 22. Rc1 Qd7 23. Nd2 c3 24. bxc3 b3 25. Qe2 b2 26. Rb1 Qb7 27. Nc4 Nxc4 28. Qxc4 O-O 29. a5 Qb5 30. Qc7 Bd8 31. Qxd6 Bxa5 32. Qxe5 Rfe8 33. Qd4 Qb3 34. d6 Bxc3 35. Qc5 Rec8 36. Qa7 Qb7 37. d7 Qxa7 38. dxc8=Q+ Rxc8 39. Bxa7 a5 40. Rfc1 bxc1=Q+ 41. Rxc1 Rc4 42. Kf1 a4 43. Ke2 Rxe4+ 44. Kd3 1/2-1/2

[Event "45th Olympiad 2024"]
[Site "Budapest HUN"]
[Date "2024.09.16"]
[Round "6.7"]
[Board "3"]
[White "Moroni, Luca Jr"]
[Black "McShane, Luke J"]
[Result "0-1"]
[WhiteElo "2558"]
[BlackElo "2611"]
[PlyCount "84"]
[EventDate "2024.09.11"]
[WhiteTeam "Italy"]
[BlackTeam "England"]
[WhiteTeamCountry "ITA"]
[BlackTeamCountry "ENG"]

1. d4 Nf6 2. c4 e6 3. Nc3 Bb4 4. Nf3 b6 5. e3 Bb7 6. Bd3 O-O 7. O-O c5 8. Na4 cxd4 9. exd4 Re8 10. a3 Bf8 11. b4 a5 12. b5 d6 13. Be3 ({RR} 13. Bb2 Nbd7 14. Re1 Rc8 15. Rc1 g6 16. h3 d5 17. Nd2 dxc4 18. Nxc4 Nd5 19. Be4 Rc7 20. Qd2 Qb8 21. Bd3 Rec8 22. Bf1 Ba8 23. Ne5 Nxe5 24. dxe5 Rxc1 25. Rxc1 Rxc1 26. Qxc1 Bg7 27. Bd4 h5 {½-½ Bruzon Batista,L (2706)-Carlsen,M (2848) Mexico City UNAM rapid 2012 (1.2)}) 13... Nbd7 14. Nd2 e5 $146 ({RR} 14... Rc8 15. Nb3 e5 16. d5 Nc5 17. Nbxc5 dxc5 18. Nc3 h6 19. Qd2 e4 20. Bc2 Bd6 21. Bf4 Rc7 22. Rae1 Rce7 23. h3 Bc8 24. Bxd6 Qxd6 25. Re3 Qf4 26. Rfe1 Bf5 27. Ne2 Qd6 28. Ng3 Bg6 29. R1e2 {0-1 Michalik,P (2579)-Nisipeanu,L (2670) Pardubice Czech op-A 24th 2013 (8)}) 15. dxe5 Rxe5 16. Nb3 g6 17. Rc1 Rxe3 18. fxe3 Bh6 19. Kh1 Ne5 20. Be2 Ne4 21. Bf3 Bxe3 22. Bxe4 Bxe4 23. Qe2 Bxc1 24. Qxe4 Bxa3 25. Nxb6 Rb8 26. Nd5 Rc8 27. Nxa5 Qxa5 28. Ne7+ Kg7 29. Nxc8 Qc7 30. Ra1 Bc5 31. Ra8 Qd8 32. h3 Qf6 33. Qe2 Ng4 34. Ne7 Nf2+ 35. Kh2 Qf4+ 36. g3 Qc1 37. Qf3 Nd3 38. Qg2 Ne1 39. Qe2 Nf3+ 40. Kg2 Ne1+ 41. Kh2 Nf3+ 42. Kg2 Ng5 0-1

[Event "45th Olympiad 2024"]
[Site "Budapest HUN"]
[Date "2024.09.16"]
[Round "6.7"]
[Board "4"]
[White "Jones, Gawain C B"]
[Black "Brunello, Sabino"]
[Result "1-0"]
[WhiteElo "2646"]
[BlackElo "2511"]
[PlyCount "115"]
[EventDate "2024.09.11"]
[WhiteTeam "England"]
[BlackTeam "Italy"]
[WhiteTeamCountry "ENG"]
[BlackTeamCountry "ITA"]

1. Nf3 Nf6 2. c4 e6 3. g3 d5 4. Bg2 Be7 5. O-O O-O 6. d4 c6 7. Nc3 a5 8. Bf4 dxc4 9. Ne5 Nd5 10. Nxc4 Nxf4 11. gxf4 Nd7 12. e3 Nf6 13. Rc1 Bd7 ({RR} 13... Nd5 14. Ne4 g6 15. a3 Kh8 16. Qb3 Rg8 17. Kh1 Rg7 18. Nc5 Ra7 19. Nd3 a4 20. Qc2 Bd7 21. Nce5 Be8 22. Nc5 Qa5 23. Rfd1 Bxc5 24. dxc5 f6 25. Nd3 g5 26. fxg5 Rxg5 27. e4 Ne7 28. Qc4 {1-0 Korobov,A (2663)-Maurizzi,M (2572) Tata Steel Challengers 2024 (4.4)}) 14. Kh1 $146 ({RR} 14. Ne5 Be8 15. a3 g6 16. Qb3 Rb8 17. Rfd1 Nd5 18. Ne4 Kh8 19. Nc5 Rg8 20. Kh1 g5 21. f5 exf5 22. Ncd7 Rc8 23. Bxd5 cxd5 24. Qxb7 Ra8 25. Nc6 Qxd7 26. Qxa8 Qe6 27. Ne5 f4 28. Qc8 Qf6 {0-1 Muradli,M (2550)-Fressinet,L (2637) World Rapid 2023 (2.47)}) 14... Be8 15. Rg1 Kh8 16. Qf3 Rg8 17. Qh3 Rc8 18. f5 exf5 19. Qxf5 Ra8 20. Rgd1 g6 21. Qe5 Rg7 22. d5 Nd7 23. Qf4 Bg5 24. Qf3 c5 25. Ne4 Bh4 26. Ned6 Rb8 27. Qh3 Bf6 28. Nxa5 Qxa5 29. Nxe8 Rxe8 30. Qxd7 Rd8 31. Qxb7 Qxa2 32. Rd2 Qa5 33. Rdc2 Qb4 34. Qc7 Qb8 35. Qxc5 Be5 36. f4 Bd6 37. Qd4 f5 38. Qf6 Rf8 39. Qd4 Kg8 40. Bf1 Re7 41. Rc6 Re4 42. Qb6 Qxb6 43. Rxb6 Rd8 44. Rcc6 Bf8 45. Rb3 Kf7 46. Bc4 Bd6 47. Kg2 Re7 48. Rbb6 Red7 49. b4 Ke7 50. b5 h6 51. Bd3 Rf8 52. Ra6 g5 53. fxg5 hxg5 54. b6 g4 55. Ra7 f4 56. exf4 Bxf4 57. Re6+ Kd8 58. Ra8+ 1-0

[Event "45th Olympiad 2024"]
[Site "Budapest HUN"]
[Date "2024.09.16"]
[Round "6.8"]
[Board "1"]
[White "Duda, Jan-Krzysztof"]
[Black "Dragnev, Valentin"]
[Result "1/2-1/2"]
[WhiteElo "2732"]
[BlackElo "2556"]
[PlyCount "81"]
[EventDate "2024.09.11"]
[WhiteTeam "Poland"]
[BlackTeam "Austria"]
[WhiteTeamCountry "POL"]
[BlackTeamCountry "AUT"]

1. d4 Nf6 2. c4 e6 3. Nc3 Bb4 4. e3 b6 5. Nge2 Ba6 6. a3 Bxc3+ 7. Nxc3 d5 8. b3 O-O 9. a4 c5 ({RR} 9... Re8 10. Be2 Nbd7 11. O-O c5 12. Nb5 cxd4 13. exd4 Ne4 14. f3 Nef6 15. Ba3 dxc4 16. Nd6 Rf8 17. Re1 Qb8 18. Rc1 Rd8 19. bxc4 Ne8 20. c5 Bxe2 21. Qxe2 Ndf6 22. Nxf7 Kxf7 23. Qxe6+ Kg6 24. c6 {0-1 Abdisalimov,A (2504)-Xu,X (2628) BRICS Games Rapid 2024 (4.4)}) 10. Ba3 Nbd7 ({RR} 10... dxc4 11. dxc5 Qc8 12. bxc4 Rd8 13. Qc2 bxc5 14. Be2 Nc6 15. Bxc5 Qc7 16. O-O Rac8 17. Nb5 Qe5 18. Ba3 h5 19. h3 Bb7 20. Rfd1 Ba8 21. Bf3 Qg5 22. Rxd8+ Rxd8 23. Rd1 Rc8 24. Bd6 a6 25. Nc7 {½-½ Grischuk,A (2742)-Kovalenko,I (2674) Chess.com Rapid Wk12 Swiss 2022 (1)}) 11. Be2 dxc4 $146 ({RR} 11... Re8 12. O-O Rc8 13. Nb5 Bxb5 14. axb5 Qc7 15. Bb2 cxd4 16. exd4 Ne4 17. Ra4 h6 18. Qd3 Ndf6 19. Rfa1 Re7 20. f3 Nd6 21. Ba3 Nh5 22. g3 dxc4 23. bxc4 Rd7 24. Bb2 Nf6 25. Qa3 Qb7 26. Qb3 {0-1 Taylor,T (2450)-Comp Mephisto Lyon Chicago exh m 1992}) ({RR} 11... Rc8 12. Nb5 Bxb5 13. axb5 Qc7 14. O-O Rfd8 15. Rc1 Qb8 16. Bf3 dxc4 17. bxc4 Ne5 18. Be2 Ng6 19. g3 Rd7 20. Bb2 Rcd8 21. Qb3 cxd4 22. exd4 e5 23. c5 exd4 24. c6 Re7 25. Rfd1 Qc7 26. Bf1 {1-0 Yilmaz,M (2640)-Dehtiarov,R (2308) AI Cup Play-In 2023 (2)}) 12. bxc4 Bb7 13. O-O Ne4 14. Nxe4 Bxe4 15. f3 Bb7 16. e4 Re8 17. d5 exd5 18. exd5 Qh4 19. Bb2 Re7 20. Qd2 Rae8 21. Rf2 Ne5 22. Qc3 f6 23. Bf1 Ng6 24. a5 Nf4 25. Qd2 Bc8 26. axb6 axb6 27. Ra8 Bd7 28. Rxe8+ Rxe8 29. Bc1 Ng6 30. Qb2 Re1 31. Bd2 Rd1 32. f4 Qg4 33. Qxb6 Nh4 34. Qd8+ Kf7 35. h3 Rxf1+ 36. Kh2 Qxh3+ 37. gxh3 Rxf2+ 38. Kg3 Rf3+ 39. Kh2 Rf2+ 40. Kg3 Rf3+ 41. Kh2 1/2-1/2

[Event "45th Olympiad 2024"]
[Site "Budapest HUN"]
[Date "2024.09.16"]
[Round "6.8"]
[Board "2"]
[White "Ragger, Markus"]
[Black "Wojtaszek, Radoslaw"]
[Result "1/2-1/2"]
[WhiteElo "2601"]
[BlackElo "2681"]
[PlyCount "60"]
[EventDate "2024.09.11"]
[WhiteTeam "Austria"]
[BlackTeam "Poland"]
[WhiteTeamCountry "AUT"]
[BlackTeamCountry "POL"]

1. e4 c5 2. Nf3 d6 3. Bb5+ Nd7 4. O-O a6 5. Bxd7+ Bxd7 6. c3 e6 7. d4 Ne7 8. dxc5 dxc5 9. Ne5 Ng6 10. Qxd7+ Qxd7 11. Nxd7 Kxd7 12. f4 $146 ({RR} 12. Nd2 Ne5 13. Rd1 Kc6 14. f4 Nd7 15. Nc4 b5 16. Rxd7 Kxd7 17. Nb6+ Kc6 18. Nxa8 Be7 19. a4 Rxa8 20. axb5+ Kxb5 21. Kf2 Kc4 22. Ke2 Kb3 23. Kd1 c4 24. Ra5 g6 25. g3 Bf8 26. g4 Be7 {0-1 Kuan,L-Hernandez,A (2330) CUB-ch Colon 1993 (7)}) ({RR} 12. a4 Kc6 13. Rd1 Bd6 14. Na3 Rhd8 15. Be3 Ne5 16. h3 b5 17. Kf1 Be7 18. Ke2 Rxd1 19. Rxd1 Rb8 20. axb5+ axb5 21. f4 Nc4 22. Nxc4 bxc4 23. Rd2 Rd8 24. Rxd8 Bxd8 25. g4 g6 26. g5 f5 {½-½ Hansen,E (2613)-Dominguez Perez,L (2745) Chess.com Rapid CGC KO 2022 (2.2)}) 12... Bd6 13. Be3 Kc6 14. Nd2 Rad8 15. g3 f5 16. Rad1 Rhf8 17. e5 Be7 18. Kf2 Rd5 19. c4 Rd7 20. Ke2 Rfd8 21. Nf3 Rxd1 22. Rxd1 Rxd1 23. Kxd1 Nh8 24. Ke2 Nf7 25. Kd3 Kd7 26. Kc3 Kc6 27. Kd3 Kd7 28. Kc3 Kc6 29. Kd3 Kd7 30. Kc3 Kc6 1/2-1/2

[Event "45th Olympiad 2024"]
[Site "Budapest HUN"]
[Date "2024.09.16"]
[Round "6.8"]
[Board "3"]
[White "Piorun, Kacper"]
[Black "Horvath, Dominik"]
[Result "1/2-1/2"]
[WhiteElo "2599"]
[BlackElo "2559"]
[PlyCount "124"]
[EventDate "2024.09.11"]
[WhiteTeam "Poland"]
[BlackTeam "Austria"]
[WhiteTeamCountry "POL"]
[BlackTeamCountry "AUT"]

1. d4 Nf6 2. c4 g6 3. Nc3 d5 4. cxd5 Nxd5 5. e4 Nxc3 6. bxc3 Bg7 7. Qa4+ Nd7 8. Nf3 O-O 9. Be2 c5 10. Qa3 cxd4 11. cxd4 Nf6 12. Qe3 b5 ({RR} 12... b6 13. O-O Bb7 14. Bd3 Rc8 15. Bb2 Qd7 16. a4 Rfd8 17. a5 Ne8 18. Qe2 e6 19. h4 Qc7 20. Rfd1 bxa5 21. Ne5 Nf6 22. Rdc1 Qb6 23. Nc4 Rxc4 24. Rxc4 Nh5 25. Bc3 Nf4 26. Qd2 Nxd3 27. Bxa5 {1-0 Aronian,L (2782)-Vachier Lagrave,M (2763) Meltwater Tour Final rapid 2021 (1.1)}) 13. h3 $146 ({RR} 13. O-O Bb7 14. Bd3 Ng4 15. Qe2 Bxd4 16. Nxd4 Qxd4 17. Bb2 Qd6 18. e5 Qd5 19. f3 Rad8 20. Bxb5 a6 21. Ba4 Qa5 22. Rad1 Qxa4 23. fxg4 Qxa2 24. e6 Qxe6 25. Qxe6 fxe6 26. Rxf8+ Rxf8 27. Rd7 Bd5 {0-1 Hakobyan,A (2617)-Puranik,A (2634) CrunchLabs Masters PlayIn 2024 (6)}) ({RR} 13. O-O Bb7 14. Bd3 Ng4 15. Qe2 Bxd4 16. Rb1 a6 17. a4 Ne5 18. Nxe5 Bxe5 19. axb5 axb5 20. Bh6 Bg7 21. Bxg7 Kxg7 22. Rxb5 {½-½ Shevchenko,K (2671)-Vachier Lagrave,M (2727) Bundesliga 2023-24 (12.3)}) 13... Qb6 14. O-O a5 15. Bd2 b4 16. Rfb1 Ba6 17. a3 Bxe2 18. Qxe2 Qb7 19. e5 Nd5 20. Qe4 Rfb8 21. h4 h5 22. Ng5 f5 23. Qf3 Bh6 24. Qg3 Bxg5 25. Qxg5 Ra6 26. axb4 axb4 27. Rxa6 Qxa6 28. Rb3 Rb6 29. Kh2 Qc4 30. Rg3 Kf7 31. Qh6 Qxd4 32. Qh7+ Ke6 33. Rxg6+ Kxe5 34. f4+ Ke4 35. Rxb6 Qxb6 36. Qxh5 Qf2 37. Qd1 b3 38. Qc1 Kd3 39. Qc6 Kxd2 40. Qxd5+ Kc3 41. Qa5+ Kc2 42. Qxf5+ Kc1 43. Qc8+ Qc2 44. Qe6 b2 45. Qe1+ Qd1 46. Qc3+ Kb1 47. Qc4 Qc2 48. Qe6 Qa4 49. Qe5 Qc4 50. h5 Ka2 51. Qa5+ Kb3 52. Qb6+ Kc3 53. h6 Qxf4+ 54. g3 Qf5 55. Qe3+ Kc2 56. Qe2+ Kb3 57. Qe3+ Ka2 58. Qa7+ Kb1 59. Qxe7 Qh5+ 60. Qh4 Qe2+ 61. Kh3 Qe6+ 62. Kh2 Qe2+ 1/2-1/2

[Event "45th Olympiad 2024"]
[Site "Budapest HUN"]
[Date "2024.09.16"]
[Round "6.8"]
[Board "4"]
[White "Blohberger, Felix"]
[Black "Gumularz, Szymon"]
[Result "1/2-1/2"]
[WhiteElo "2520"]
[BlackElo "2571"]
[PlyCount "129"]
[EventDate "2024.09.11"]
[WhiteTeam "Austria"]
[BlackTeam "Poland"]
[WhiteTeamCountry "AUT"]
[BlackTeamCountry "POL"]

1. d4 Nf6 2. c4 e6 3. Nf3 b6 4. g3 Bb7 5. Bg2 Bb4+ 6. Bd2 a5 7. O-O O-O 8. Bg5 Be7 9. Qc2 Be4 10. Qd2 Bb7 11. Nc3 Ne4 12. Nxe4 Bxe4 13. Bxe7 Qxe7 14. Qf4 d5 15. cxd5 exd5 16. Rac1 Ra7 $146 ({RR} 16... Na6 17. Rc6 Qb4 18. Qc1 Qb5 19. Re1 Rfe8 20. a3 Re7 21. Rc3 c5 22. e3 c4 23. b3 cxb3 24. Bf1 Qa4 25. Nd2 Bc2 26. Nxb3 Bxb3 27. Bxa6 Rxa6 28. Rxb3 h5 29. Qc3 Re6 30. Rc1 h4 31. Qd3 {½-½ Dautov,R (2595)-Xu,J (2505) Bad Homburg 1997 (2)}) ({RR} 16... c5 17. dxc5 bxc5 18. Qe3 Qb7 19. Qa3 Na6 20. Ne1 Qb5 21. Nd3 Bxg2 22. Kxg2 c4 23. Nf4 d4 24. Qf3 Rad8 25. b3 c3 26. e3 Nb4 27. a4 Qb6 28. exd4 Na2 29. Ra1 Qxb3 30. Ne2 Qc4 31. Nxc3 {1-0 Stefansson,V (2462)-Horvath,A (2447) SixDays Budapest May GM B 2024 (9.3)}) ({RR} 16... c5 17. dxc5 bxc5 18. Qe3 Qb7 19. Qxc5 Qxb2 20. Nd4 Bxg2 21. Kxg2 Qxa2 22. Nf5 Na6 23. Qd4 f6 24. Qg4 g6 25. Rc6 Qd2 26. Rb1 Nb4 27. Rc7 Qg5 28. Qh3 Qh5 29. Qxh5 gxh5 30. Rbc1 Kh8 31. Kh3 {½-½ Shen,Y (2440)-Zaiatz,E (2387) RUS-chT (Women) 2007 (10)}) 17. Rfd1 Rd8 18. e3 Rd6 19. Ne5 Bxg2 20. Kxg2 f6 21. Nd3 Nc6 22. Qf3 Qd7 23. h4 Ne7 24. Rc3 c6 25. Rdc1 Ra8 26. h5 Re8 27. Rb3 Nc8 28. Nf4 Re4 29. Ne2 Re8 30. Rbc3 Ne7 31. Nf4 Kh8 32. Qd1 Nf5 33. Qc2 Rc8 34. Qb3 Rb8 35. Qc2 Rc8 36. a3 Ne7 37. b4 axb4 38. axb4 b5 39. Ra3 Qe8 40. Rca1 Rd7 41. Ra6 Kg8 42. Qc5 Kf7 43. Ra7 Rxa7 44. Qxa7 Qd8 45. Ra6 Qc7 46. Qc5 Qd7 47. Qb6 Qc7 48. Qxc7 Rxc7 49. Ra8 g5 50. hxg6+ hxg6 51. g4 Nc8 52. Nd3 Nb6 53. Ra6 Nc4 54. Kg3 g5 55. Nc5 Nd6 56. Ra8 Kg6 57. Kg2 Kf7 58. Na6 Rb7 59. Nc5 Rc7 60. Kf3 Kg6 61. Ke2 Kf7 62. Kd3 f5 63. gxf5 Nxf5 64. Ke2 g4 65. Nd3 1/2-1/2

[Event "45th Olympiad 2024"]
[Site "Budapest HUN"]
[Date "2024.09.16"]
[Round "6.9"]
[Board "1"]
[White "Suleymanli, Aydin"]
[Black "Stremavicius, Titas"]
[Result "1/2-1/2"]
[WhiteElo "2632"]
[BlackElo "2527"]
[PlyCount "124"]
[EventDate "2024.09.11"]
[WhiteTeam "Azerbaijan"]
[BlackTeam "Lithuania"]
[WhiteTeamCountry "AZE"]
[BlackTeamCountry "LTU"]

1. e4 c5 2. Nf3 e6 3. d4 cxd4 4. Nxd4 Nf6 5. Bd3 Nc6 6. Nxc6 bxc6 7. Bf4 d5 8. Nd2 Nd7 ({RR} 8... Be7 9. O-O O-O 10. c4 Qb6 11. b3 a5 12. e5 Nd7 13. Qc2 h6 14. Nf3 a4 15. Rab1 axb3 16. axb3 Bb7 17. Qc1 Ba3 18. Qd2 Bb4 19. Qc1 Ba3 20. Qd2 Bb4 {½-½ Carlsen,M (2830)-Erigaisi,A (2727) World Rapid 2023 (7.1)}) 9. O-O Be7 10. e5 Nc5 $146 ({RR} 10... a5 11. Re1 Ba6 12. Qg4 g6 13. Nf3 Bxd3 14. cxd3 Rb8 15. b3 Rb4 16. d4 c5 17. Bd2 Rb5 18. Bh6 Bf8 19. Bg5 Be7 20. Be3 Rb4 21. Rac1 cxd4 22. Bd2 Rb7 23. Nxd4 Nb8 24. Bh6 Bf8 25. Qf4 {1-0 Abdusattorov,N (2762)-Dosmukhambetov,A (1976) FIDE World Bl Team Pool A 2024 (4.3)}) 11. Nb3 a5 12. Qg4 Kf8 13. Be3 Nd7 14. f4 c5 15. c4 d4 16. Bf2 g6 17. Nd2 Kg7 18. Rae1 Rb8 19. b3 a4 20. Bc2 axb3 21. axb3 Rb6 22. Qg3 h5 23. Ne4 Bb7 24. Ng5 Rh6 25. h4 Kf8 26. Ra1 Nb8 27. Be1 Nc6 28. Be4 d3 29. Kh2 d2 30. Bf2 Nd4 31. Bxb7 Rxb7 32. Bxd4 Qxd4 33. Rfd1 Qb2 34. Ne4 Rxb3 35. Nf6 Kg7 36. Ra8 Rh8 37. Rxh8 Kxh8 38. Qg5 Bf8 39. Ne4 Rd3 40. Qf6+ Kg8 41. Ng5 Qb7 42. Nxe6 Qe7 43. Ng5 Qxf6 44. exf6 Bd6 45. g3 Bc7 46. Kg2 Ba5 47. Nf3 Bc3 48. Kf2 Bxf6 49. Rxd2 Rc3 50. Ne5 Bxe5 51. Rd8+ Kg7 52. fxe5 Rxc4 53. Kf3 Rc1 54. Rc8 c4 55. Kf2 c3 56. Kf3 g5 57. hxg5 Kg6 58. Rc5 Kf5 59. Kg2 c2 60. Kh2 Kxg5 61. e6+ Kf6 62. exf7 Kxf7 1/2-1/2

[Event "45th Olympiad 2024"]
[Site "Budapest HUN"]
[Date "2024.09.16"]
[Round "6.9"]
[Board "2"]
[White "Pultinevicius, Paulius"]
[Black "Abasov, Nijat"]
[Result "1-0"]
[WhiteElo "2587"]
[BlackElo "2626"]
[PlyCount "55"]
[EventDate "2024.09.11"]
[WhiteTeam "Lithuania"]
[BlackTeam "Azerbaijan"]
[WhiteTeamCountry "LTU"]
[BlackTeamCountry "AZE"]

1. d4 Nf6 2. c4 e6 3. Nc3 Bb4 4. e3 O-O 5. Bd3 d5 6. a3 Bxc3+ 7. bxc3 dxc4 8. Bxc4 c5 9. Ne2 Qc7 10. Ba2 b6 11. O-O Ba6 12. Bb2 Rd8 13. Rc1 e5 14. Re1 c4 15. f3 e4 $146 ({RR} 15... Nbd7 16. e4 Nc5 17. Rf1 Rac8 18. Qc2 Nd3 19. Rcd1 exd4 20. Nxd4 Nh5 21. Bc1 Nhf4 22. Be3 Qe7 23. a4 Qg5 24. Nf5 g6 25. h4 Qf6 26. Qd2 gxf5 27. Bxf4 Qxh4 28. Bg5 Qh5 29. Bxd8 Rxd8 30. exf5 {½-½ Heidarsson,A (2037)-Ozbas,B (1876) Reykjavik Open 2024 (5.70)}) 16. Ng3 Bb7 17. Qa4 Rc8 18. Bb1 Qe7 19. Qb5 Qe6 20. Rcd1 a6 21. Qg5 Nbd7 22. d5 Bxd5 23. fxe4 Bc6 24. Nf5 g6 25. Rf1 Ra7 26. Rd6 Qe8 27. e5 Qxe5 28. Rxf6 1-0

[Event "45th Olympiad 2024"]
[Site "Budapest HUN"]
[Date "2024.09.16"]
[Round "6.9"]
[Board "3"]
[White "Mamedyarov, Shakhriyar"]
[Black "Kazakouski, Valery"]
[Result "1-0"]
[WhiteElo "2733"]
[BlackElo "2577"]
[PlyCount "85"]
[EventDate "2024.09.11"]
[WhiteTeam "Azerbaijan"]
[BlackTeam "Lithuania"]
[WhiteTeamCountry "AZE"]
[BlackTeamCountry "LTU"]

1. Nf3 Nf6 2. g3 c5 3. Bg2 Nc6 4. O-O e5 5. e4 d6 6. Re1 Be7 7. c3 O-O 8. h3 Be6 9. Na3 ({RR} 9. d3 h6 10. Nbd2 Qc7 11. Nc4 Rad8 12. Qe2 Rfe8 13. a4 Bf8 14. Be3 b6 15. Rad1 g6 16. Bc1 Bg7 17. Nfd2 Kh7 18. Kh2 d5 19. exd5 Nxd5 20. Nf1 f5 21. Nfe3 Nf4 22. gxf4 exf4 23. Kh1 Bxc4 {½-½ Bai,J (2586)-Gong,S (2117) CHN Team Men 2024 (8.2)}) 9... h6 10. d3 Qd7 $146 ({RR} 10... Re8 11. Nc2 Bf8 12. b4 cxb4 13. cxb4 a5 14. bxa5 Rxa5 15. d4 exd4 16. Nfxd4 Bd7 17. Bb2 Ra4 18. a3 Nxd4 19. Bxd4 d5 20. exd5 Rxe1+ 21. Qxe1 Bf5 22. Nb4 Qa5 23. Qe5 Rxa3 24. Rxa3 Qxa3 25. Qxf5 {½-½ Amin,B (2667)-Saric,I (2668) Bundesliga 2022-23 (1.5)}) 11. Kh2 Rfe8 12. Nc2 b5 13. Ne3 Bf8 14. a4 bxa4 15. Qxa4 Qb7 16. Nd2 Nd7 17. Nd5 Nb6 18. Qa6 Rab8 19. Nf1 Ne7 20. Nfe3 Qxa6 21. Rxa6 Rb7 22. Bd2 Nexd5 23. exd5 Bd7 24. Ra2 Be7 25. Rea1 Ra8 26. h4 h5 27. c4 Be8 28. Bc3 Bd8 29. Bxe5 dxe5 30. d6 Rab8 31. Bxb7 Rxb7 32. Rxa7 Rb8 33. b4 cxb4 34. c5 b3 35. cxb6 b2 36. Rb1 Bxb6 37. Re7 Bxe3 38. fxe3 Ba4 39. Rxe5 f6 40. Rc5 Rb3 41. Rc4 Bb5 42. Rc2 Rxd3 43. Rbxb2 1-0

[Event "45th Olympiad 2024"]
[Site "Budapest HUN"]
[Date "2024.09.16"]
[Round "6.9"]
[Board "4"]
[White "Laurusas, Tomas"]
[Black "Muradli, Mahammad"]
[Result "1-0"]
[WhiteElo "2569"]
[BlackElo "2576"]
[PlyCount "69"]
[EventDate "2024.09.11"]
[WhiteTeam "Lithuania"]
[BlackTeam "Azerbaijan"]
[WhiteTeamCountry "LTU"]
[BlackTeamCountry "AZE"]

1. d4 Nf6 2. c4 e6 3. Nf3 d5 4. Nc3 dxc4 5. e3 a6 6. a4 b6 7. Bxc4 Bb7 8. O-O Bb4 9. Qc2 ({RR} 9. Qe2 O-O 10. Rd1 Qe7 11. Bd3 c5 12. Na2 Nc6 13. Nxb4 Nxb4 14. b3 Nxd3 15. Rxd3 Be4 16. Rd1 Rfc8 17. Ba3 Qb7 18. dxc5 bxc5 19. Rdc1 Qxb3 20. Bxc5 Nd7 21. Bd4 Rxc1+ 22. Rxc1 Qxa4 23. Ne5 Nxe5 {0-1 Carlsen,M (2847)-So,W (2770) Goldmoney Asian Rapid KO 2021 (1.24)}) ({RR} 9. Qe2 O-O 10. Rd1 Nbd7 11. Na2 Bd6 12. Nc3 Bb4 13. Na2 Bd6 14. Nc3 c5 15. e4 cxd4 16. Nxd4 Qc7 17. g3 Bb4 18. f3 Ne5 19. Bb3 Bxc3 20. bxc3 Qxc3 21. Bb2 Qa5 {½-½ Sanchez Alvarez,R (2444)-Meshkovs,N (2565) 56th Biel Master Open 2023 (7.7)}) ({RR} 9. Qe2 O-O 10. Na2 Bd6 11. b4 Nbd7 12. Bb2 Qe7 13. Ne5 c5 14. b5 axb5 15. Bxb5 Rfc8 16. Nc1 Rc7 17. Ncd3 Rac8 18. Rfc1 cxd4 19. Rxc7 Rxc7 20. exd4 Qd8 21. Re1 Bxe5 22. dxe5 Nd5 23. Qg4 Rc2 {½-½ Laurusas,T (2518)-Pultinevicius,P (2492) Warsaw op-A 2021 (4)}) 9... O-O 10. Rd1 $146 ({RR} 10. b3 c5 11. Na2 Nc6 12. Rd1 Qc7 13. Qe2 Na5 14. Bb2 Nxc4 15. Qxc4 Bd5 16. Qc2 Qb7 17. Nxb4 cxb4 18. Ne1 Rac8 19. Qd3 Ne4 20. Rdc1 f5 21. a5 bxa5 22. Rxa5 Rxc1 23. Bxc1 Rc8 24. Bb2 Rc6 {0-1 Vitenberg,N (2175)-Holm,K (2474) Oslo op 2018 (7)}) ({RR} 10. Be2 Nbd7 11. b3 Rc8 12. Bb2 c5 13. Rfd1 cxd4 14. Rxd4 Bc5 15. Rdd1 Qc7 16. Rac1 Ne5 17. Ng5 Qb8 18. Qb1 Be7 19. Nce4 Nxe4 20. Nxe4 Ng6 21. Nd2 Rxc1 22. Rxc1 Nh4 23. Nf3 Nxf3+ 24. Bxf3 Bxf3 {½-½ Haug,J (2328)-Schroeder,J (2539) Helsingor Xtracon op 2017 (8)}) ({RR} 10. Bd3 c5 11. Rd1 Qe7 12. Na2 Bxf3 13. gxf3 cxd4 14. Nxb4 Qxb4 15. b3 Qc3 16. Qxc3 dxc3 17. Ba3 Rc8 18. Rac1 Nbd7 19. Bf1 h6 20. Rd6 b5 21. a5 Rab8 22. b4 Ne5 23. Rxa6 Nxf3+ 24. Kg2 Nd2 {½-½ Stearman,J (2406)-Le,H (2075) Charlotte op 2021 (1)}) 10... Qe7 11. b3 Rd8 12. Bb2 h6 13. h3 Nc6 14. d5 Na5 15. e4 exd5 16. exd5 Nxc4 17. bxc4 c6 18. Re1 Qc7 19. Ne4 Nxe4 20. Rxe4 cxd5 21. Rg4 Bf8 22. Be5 Qd7 23. Nd4 g6 24. Rb1 Qe8 25. f4 Bc5 26. Kh2 dxc4 27. Nf5 h5 28. Ng7 Qd7 29. Nxh5 Qd3 30. Qc1 Kf8 31. Nf6 Rac8 32. Qe1 Rc6 33. Rh4 Re6 34. Rd1 Rxe5 35. Qxe5 1-0